Loading...
| Literature - World Literature | 0 | 2 | 0 | 0 | 20 | 100 | 119.00 | 0 | 0 |
| Social Science | 0 | 2 | 0 | 0 | 20 | 93 | 94.00 | 0 | 2 |
| History - American History | 0 | 2 | 0 | 1 | 20 | 109 | 118.50 | 0 | 0 |
| Science - Other Science | 0 | 2 | 1 | 0 | 15 | 75 | 86.50 | 0 | 2 |
| Philosophy | 0 | 1 | 0 | 0 | 10 | 95 | 95.00 | 0 | 1 |
| Science - Biology | 0 | 1 | 0 | 0 | 10 | 77 | 77.00 | 0 | 0 |
| Fine Arts - Painting & Sculpture | 0 | 1 | 0 | 0 | 10 | 131 | 131.00 | 0 | 0 |
| History - Other History | 0 | 1 | 0 | 0 | 10 | 118 | 118.00 | 0 | 0 |
| Literature - American Literature | 0 | 1 | 0 | 0 | 10 | 132 | 132.00 | 0 | 0 |
| Science - Physics | 0 | 1 | 0 | 0 | 10 | 128 | 128.00 | 0 | 0 |
| Fine Arts - Classical Music | 0 | 1 | 1 | 1 | 5 | 129 | 129.00 | 0 | 0 |
| Religion | 0 | 1 | 1 | 1 | 5 | 128 | 128.00 | 0 | 1 |
| Other | 0 | 1 | 2 | 0 | 0 | 103 | 103.00 | 0 | 0 |
| Science - Chemistry | 0 | 0 | 1 | 0 | -5 | 0.00 | 0 | 0 | |
| History - European History | 0 | 0 | 1 | 0 | -5 | 0.00 | 0 | 0 |